000 00615nam a2200121Ia 4500
008 220615s9999||||xx |||||||||||||| ||und||
100 _aVickers, Rhiannon
245 4 _aThe Labour Party and the world, volume 1: The evolution of Labour's foreign policy, 1900-51
546 _aEnglish[eng]
650 _apolitics||union||labour||socialism||Clement Attlee||Foreign policy||Soviet Union
856 _uhttps://library.oapen.org/bitstream/20.500.12657/35004/1/341390.pdf||https://library.oapen.org/bitstream/20.500.12657/35004/1/341390.pdf||https://library.oapen.org/bitstream/20.500.12657/35004/1/341390.pdf
942 _cEB
999 _c8867
_d8867